| 000 | 00436cam a22001692a 4500 | ||
|---|---|---|---|
| 001 | 000686 | ||
| 003 | AR-FADEU | ||
| 008 | 311216n1993####xxu####################dd | ||
| 100 | _aCaro, Alejandra | ||
| 245 | _aSistematización : Barrio Nuevo | ||
| 260 | _bUniversidad Nacional del Comahue | ||
| 260 | _aGeneral Roca | ||
| 260 | _c1993 | ||
| 650 | _aSISTEMATIZACION; BARRIO NUEVO; COMUNIDAD | ||
| 650 | _aJOVENES | ||
| 942 | _cFOLLETO | ||
| 999 |
_c1378 _d1378 |
||